| 000 | 00545cam a22001571 4500 | ||
|---|---|---|---|
| 001 | 000012822 | ||
| 005 | 20200929163100.0 | ||
| 008 | 850515s1963 ck 000 0 spa | ||
| 040 |
_aDO-SdBNP _bspa _cBNPHU |
||
| 100 | 1 |
_aTobon Mejia, Aurelio. _929654 |
|
| 245 | 1 | 0 | _aDisolucion de matrimonios no sacramentales por la potestad ministerial del romano pontifice. |
| 260 |
_aBogota, : _bEditorial Temis, _c1963. |
||
| 300 |
_axiv, 186 p. ; _c24 cm. |
||
| 650 | 0 |
_aDivorce _xLaw and legislation _zColombia. _929655 |
|
| 650 | 0 |
_aDivorce (canon law) _929656 |
|
| 999 |
_c12472 _d12472 |
||